Chinese Geography - Sudden Death - Statistics

General Stats
  • This quiz has been taken 552 times
    516 since last reset
  • The average score is 8 of 15
Answers on the Grid
Answers color-coded by a green-red scale on the quiz's grid according to % correct below.
Yangtze River
Gobi Desert
Bering Strait
Luzon Island
Mariana Trench
Tibet
Tigris
Yellow River
Himalayan Mountains
Siberia
Korean Peninsula
Taklamakan Desert
Mount Fuji
Yalu River
Shandong Province
Shanghai
Hokkaido
Honshu
Henan Province
Guam
Yan Mountains
Hexi Corridor
Bohai Sea
Yunnan-Guizhou Plateau
Greater Hinggan Range
Sea of Japan (East Sea)
Korea Strait
Jeju Strait
Thar Desert
Chin Hills
 
Answer Stats
Answer % Correct
Shanghai
80%
Tibet
77%
Yellow River
77%
Yangtze River
75%
Himalayan Mountains
72%
Gobi Desert
69%
Shandong Province
68%
Henan Province
64%
Yunnan-Guizhou Plateau
60%
Yan Mountains
42%
Greater Hinggan Range
35%
Taklamakan Desert
30%
Yalu River
28%
Hexi Corridor
26%
Bohai Sea
23%
No matching quizzes found
Score Distribution
Percent of People with Each Score
Percentile by Number Answered
Your Score History
You have not taken this quiz since the last reset